Tax credit housing management insider

Detalles Bibliográficos
Formato: Desconocido
Lenguaje:inglés
Publicado: New York, NY : Brownstone Publishers, Inc.,
Materias:
Acceso en línea:Acceso restringido

MARC

LEADER 00000ny a22000003n 4500
005 20110513143924.0
008 991021c19999999nyumr pss 0 a0eng d
022 |a 1527-2311 
035 |a 5130 
040 |a UCA  |d vLex 
090 |c 1905  |d 1905 
245 3 0 |a Tax credit housing management insider  |h [Recurso electrn̤ico] 
256 |a Servicio en ln̕ea 
260 |a New York, NY :  |b Brownstone Publishers, Inc., 
310 |a Mensual 
506 1 |a Contenido solo disponible en los productos indicados  |d vLex Global  |d vLex Global (Academic Edition, excluding Law Schools)  |d vLex Global (U.S. Academic Edition, excluding Law Schools) 
650 0 4 |a Finanzas  |x Derecho  |z Pas̕es de la Unin̤ Europea  |x Publicaiones perid̤icas 
740 |a vLex Revista (Servicios en ln̕ea) 
843 |a Electrn̤ica. Abierta 
853 |8 1  |i (year)  |j (month)  |k (day) 
856 4 0 |z Acceso restringido  |u http://vlex.com/account/login_ip?fuente_id=5130 
942 |c REV